Statistics for Most Popular Girl Baby Names - 2012

Click here to take the quiz!

General Stats

  • This quiz has been taken 531 times
  • The average score is 15 of 50

Answer Stats

Answer% Correct
Emma
83%
Emily
80%
Olivia
71%
Ava
70%
Sophia
70%
Isabella
69%
Elizabeth
61%
Hannah
60%
Lily
57%
Grace
56%
Ella
55%
Chloe
54%
Charlotte
52%
Abigail
47%
Amelia
47%
Catherine
40%
Lucy
35%
Evelyn
33%
Harper
27%
Avery
26%
Alice
25%
Claire
25%
Aria
23%
Caroline
22%
Audrey
20%
Isla
20%
Layla
20%
Aubrey
19%
Madeline
19%
Ariana
17%
Nora
16%
Scarlet
16%
Violet
16%
Eleanor
15%
Savanna
15%
Penelope
14%
Clara
13%
Stella
12%
Lila
9%
Vivian
9%
Hazel
7%
Juliet
7%
Brielle
4%
Cora
4%
Adalyn
2%
Adelaide
2%
Arabella
2%
Aurora
2%
Rosalie
2%
Nathalie
1%

Score Distribution

Percentile by Number Answered

Percent of People with Each Score

Your Score History

You have not taken this quiz